000 01117nam2a22002651 4500
001 v19\rc\1457275
005 20250618142546.0
035 _a(NLR Aleph) 004596127
090 _a2723141
_c2723141
100 _a20060620f18741876|||y0rusy50 ca
101 1 _arus
_cger
102 _aRU
105 _ay z |||a|
200 1 _aЭпигоны XIX столетия
_eРоман в 3-х т.
_f[Соч.] Грегора Самарова
_gПер. с нем. Е.С. Т. 1
215 _a[4], 324 с.
461 0 _1001v19\rc\1457274
_12001#$aСовременные романы Самарова$e[1-8]$v[1]
_1700#1$aСамаров$bГ.$f1829-1903$gГрегор
_92723132
_aСамаров, Г. (1829-1903)
_cСанкт-Петербург
_d1874-1876
_nтип. В. Тушнова
_o[1-8]
_p9 т.
_tСовременные романы Самарова
_v[1]
532 1 1 _aЭпигоны девятнадцатого столетия
801 0 _aRU
_bNLR
_gpsbo
801 0 _aRU
_bRuMoRGB
_2psbo
801 1 _aRU
_bProSoft-M
_2rusmarc
852 _aNLR
_j18.235.3.3
899 _aRuMoRGB
_jB 12/94
899 _aБАН
942 _cBOOK
980 _aNB